00612 2200229 4500001002100000005001700021008004100038035002400079090001800103100002000121245006500141250001100206260003100217300001800248440002600266500002600292650001300318850001500331980001500346985000600361999001500367YOGYA-0209000003551620090227025022.0 ind  0010-020900000035516 a179bAdi KlT aAdi Massana, JB aKi Ageng Suryamentaram tentang citra manusiacJB. Adimassana aCet. 1 aYogyakartabKanisiusc1986 a86 hlmc21 cm aSeri Pustaka Filsafat aBibliografi : hlm. 85 aFilsafat aYOPDYOG(b) a30-09-2006 a1 aA000001380